| 000 | 00821nam a2200253 i 4500 | ||
|---|---|---|---|
| 999 |
_c22678 _d22678 |
||
| 001 | C00601649 | ||
| 003 | OSt | ||
| 005 | 20230109125103.0 | ||
| 007 | ta | ||
| 008 | 211012s2020 pe a gr 000 p und | ||
| 020 | _a9786124202452 | ||
| 040 | _cBMC | ||
| 041 | _aspa | ||
| 082 | _a869.56/Q445C | ||
| 100 |
_aQuijano, Marco Antonio _948859 |
||
| 245 |
_aColección privada o los colores ocultos de la turbación / _cMarco Antonio Quijano |
||
| 250 | _aPrimera edición. | ||
| 264 | 3 | 1 |
_aLima : _bEds. Copé, _c2018. |
| 300 |
_a77, [6] páginas : _c21 cm. |
||
| 440 |
_aObras ganadoras de la XVIII Bienal de Poesía "Premio Copé 2017" _948860 |
||
| 500 | _aAntes del título: Premio Copé de oro, XVIII Bienal de Poesía "Premio Copé 2017" | ||
| 650 |
_aPoesías peruanas _ySiglo XX _948129 |
||
| 942 |
_2ddc _cLIBROS |
||